<?xml version="1.0" encoding="UTF-8"?><?xml-stylesheet type="text/xsl" href="static/style.xsl"?><OAI-PMH xmlns="http://www.openarchives.org/OAI/2.0/" xmlns:xsi="http://www.w3.org/2001/XMLSchema-instance" xsi:schemaLocation="http://www.openarchives.org/OAI/2.0/ http://www.openarchives.org/OAI/2.0/OAI-PMH.xsd"><responseDate>2026-04-27T01:38:31Z</responseDate><request verb="GetRecord" identifier="oai:uvadoc.uva.es:10324/15535" metadataPrefix="marc">https://uvadoc.uva.es/oai/request</request><GetRecord><record><header><identifier>oai:uvadoc.uva.es:10324/15535</identifier><datestamp>2021-06-29T12:19:02Z</datestamp><setSpec>com_10324_38</setSpec><setSpec>col_10324_852</setSpec></header><metadata><record xmlns="http://www.loc.gov/MARC21/slim" xmlns:doc="http://www.lyncode.com/xoai" xmlns:xsi="http://www.w3.org/2001/XMLSchema-instance" xmlns:dcterms="http://purl.org/dc/terms/" xsi:schemaLocation="http://www.loc.gov/MARC21/slim http://www.loc.gov/standards/marcxml/schema/MARC21slim.xsd">
<leader>00925njm 22002777a 4500</leader>
<datafield tag="042" ind1=" " ind2=" ">
<subfield code="a">dc</subfield>
</datafield>
<datafield tag="720" ind1=" " ind2=" ">
<subfield code="a">Martín Martínez, Luis</subfield>
<subfield code="e">author</subfield>
</datafield>
<datafield tag="260" ind1=" " ind2=" ">
<subfield code="c">2015</subfield>
</datafield>
<datafield tag="520" ind1=" " ind2=" ">
<subfield code="a">La importancia capital del empleo se encuentra recogida en la Constitución Española en forma de mandato a los poderes públicos para promover y fomentar una política de previsión, formación y readaptación profesional orientada al pleno empleo.&#xd;
Las descompensaciones que se producen en el mercado de trabajo, principalmente propiciadas por situaciones de crisis económica, se abordaron inicialmente mediante mecanismos de políticas pasivas, paliativas de la carencia de rentas por parte de los desempleados.&#xd;
Tras la incorporación española al ámbito europeo, nuevas corrientes han hecho aflorar expresiones nuevas como flexiseguridad y políticas activas de empleo.&#xd;
La flexiseguridad persigue la flexibilidad del puesto de trabajo, compensado con la seguridad en el empleo continuado.&#xd;
Las políticas activas de empleo buscan impu sar las medidas que faciliten las rápidas transiciones al empleo, ya sea mediante fó   ulas de formación, reciclaje o mixtas de&#xd;
formación y empleo.</subfield>
</datafield>
<datafield tag="024" ind2=" " ind1="8">
<subfield code="a">http://uvadoc.uva.es/handle/10324/15535</subfield>
</datafield>
<datafield ind1=" " ind2=" " tag="653">
<subfield code="a">Empleo-Política gubernamental-España</subfield>
</datafield>
<datafield tag="245" ind1="0" ind2="0">
<subfield code="a">Las políticas activas de empleo. Evolución  y reformas.</subfield>
</datafield>
</record></metadata></record></GetRecord></OAI-PMH>